Top 50 Countries by GDP/Capita - Statistics

General Stats
  • This quiz has been taken 71 times
  • The average score is 43 of 50
Answer Stats
Rank GDP/Capita Country % Correct
3 $146,818 Luxembourg
97%
9 $89,599 United States
95%
24 $49,451 Andorra
94%
19 $59,925 Germany
94%
2 $231,713 Liechtenstein
94%
8 $91,884 Norway
94%
22 $54,935 Canada
92%
4 $129,132 Ireland
92%
1 $256,581 Monaco
92%
11 $73,174 Netherlands
92%
31 $38,040 Spain
92%
15 $62,036 Sweden
92%
20 $56,661 United Kingdom
92%
16 $61,694 Austria
90%
27 $48,892 France
90%
37 $34,713 Japan
90%
12 $71,441 Qatar
90%
14 $65,269 San Marino
90%
5 $111,047 Switzerland
90%
13 $65,946 Australia
89%
17 $60,418 Belgium
89%
48 $26,958 Croatia
89%
10 $76,581 Denmark
89%
25 $49,383 New Zealand
89%
7 $94,481 Singapore
89%
23 $51,348 United Arab Emirates
89%
21 $56,084 Finland
87%
28 $43,161 Italy
87%
35 $35,231 Saudi Arabia
87%
36 $35,161 Czechia
86%
6 $98,150 Iceland
86%
46 $28,485 Poland
86%
41 $31,415 Portugal
86%
47 $27,170 Greece
84%
18 $60,009 Israel
84%
33 $37,178 Slovenia
84%
38 $34,041 Estonia
83%
34 $35,962 South Korea
83%
26 $49,277 Malta
81%
45 $28,524 Slovakia
81%
50 $25,916 Hungary
79%
43 $30,805 Kuwait
79%
40 $32,892 Lithuania
79%
44 $29,253 Bahrain
78%
32 $37,827 Taiwan
76%
29 $42,413 Cyprus
75%
30 $39,726 Bahamas
71%
39 $33,858 Brunei
71%
49 $25,927 Barbados
60%
42 $31,378 Guyana
44%
No matching quizzes found
Score Distribution
Percent of People with Each Score
Percentile by Number Answered
Your Score History
You have not taken this quiz